000 01090nam a2200193 a 4500
001 48256
005 20180714032511.0
008 140415s2004 bo 000 0 spa d
041 _aspa
082 _a657.8
_bCEN
100 1 _aCENTELLAS ESPAÑA, RUBEN
245 1 3 _aEL CONTROL INTERNO Y TRATAMIENTO CONTABLE DE LAS DISPONIBILIDADES
250 _a1a ed.
260 _aBOLIVIA :
_bCENTRO DE ESTUDIOS EN CONTABILIDAD Y AUDITORIA,
_c2004
300 _a383
_c15.5 x 0.5 x 20.9
520 _aLAS EMPRESAS EN LA ACTUALIDAD ENFRENTAN UN AUMENTO EN LA GLOBALIZACION, LAS EXIGENCIAS DE UN LIDERAZGO ETICO Y SOCIALMENTE RESPONSABLE, CLIENTES CADA VEZ MAS EXIGENTES E INFORMADOS, LA NECESIDAD DE CONOCIMIENTOS POLIVALENTES EN EL CAPITAL HUMANO DE LA EMPRESA, EL SURGIMIENTO DE NUEVOS MODELOS EN LAS ORGANIZACIONES QUE RESALTAN LA IMPORTANCIA DE LA RAPIDEZ DE RESPUESTA ANTE LOS CAMBIOS EN EL AMBIENTE INTERNO Y DEL ENTORNO, NECESIDADES Y DESEOS CAMBIANTES EN LOS EMPLEADOS EN CUANTO A SEG
650 1 4 _aCONTABILIDAD
_xCONTROL INTERNO
700 1 _aGONZALES ALANES, CARLOS
_ecoaut.
999 _c48256
_d48256